| 000 | 00448nam a2200217Ia 4500 | ||
|---|---|---|---|
| 003 | IT-RoPAU | ||
| 008 | 120407s9999 xx 000 0 und d | ||
| 040 | _aIT-RoPAU | ||
| 040 | _cIT-RoPAU | ||
| 041 | _aita | ||
| 100 | _aGiuseppe Olivero | ||
| 245 | _aLe parti nel giudizio canonico | ||
| 250 | _aMilano | ||
| 260 | _aGiuffrè | ||
| 260 | _c1941 | ||
| 300 | _a158 p. | ||
| 300 | _c25 cm | ||
| 490 | _v1 | ||
| 942 | _cBK | ||
| 999 |
_c26413 _d26413 |
||